Literature - European | 8 | 5 | 0 | 0 | 170 | 40 | 69.92 | 2 | 4 |
Literature - World and Miscellaneous | 8 | 3 | 0 | 0 | 150 | 35 | 56.18 | 2 | 2 |
Literature - British | 3 | 7 | 0 | 0 | 115 | 39 | 83.30 | 1 | 3 |
Fine Arts - Painting | 4 | 4 | 0 | 0 | 100 | 55 | 67.25 | 1 | 3 |
Science - Physics | 0 | 8 | 0 | 0 | 80 | 50 | 78.50 | 0 | 2 |
Science - Chemistry | 4 | 1 | 0 | 0 | 70 | 40 | 60.40 | 1 | 1 |
RMP - World Mythology | 4 | 0 | 0 | 0 | 60 | 48 | 64.25 | 0 | 2 |
RMP - Greco-Roman Mythology | 2 | 3 | 0 | 0 | 60 | 38 | 81.60 | 1 | 2 |
Literature - American | 3 | 1 | 0 | 0 | 55 | 24 | 50.75 | 1 | 1 |
Fine Arts - Music | 2 | 2 | 0 | 0 | 50 | 39 | 66.50 | 2 | 2 |
History - European | 2 | 1 | 0 | 0 | 40 | 41 | 73.67 | 0 | 1 |
History - American | 1 | 1 | 0 | 0 | 25 | 14 | 50.50 | 1 | 1 |
History - World | 0 | 2 | 0 | 0 | 20 | 71 | 78.50 | 0 | 0 |
Fine Arts - Jazz | 0 | 2 | 0 | 0 | 20 | 103 | 117.00 | 0 | 0 |
History - Cross, Historiography, and Miscellaneous | 1 | 0 | 0 | 0 | 15 | 67 | 67.00 | 0 | 0 |
RMP - East Asian Religion | 1 | 0 | 0 | 0 | 15 | 59 | 59.00 | 0 | 1 |
Social Science - Sociology | 0 | 1 | 0 | 0 | 10 | 72 | 72.00 | 0 | 0 |
Fine Arts - Opera | 0 | 1 | 0 | 0 | 10 | 144 | 144.00 | 0 | 0 |
Geography - World | 0 | 1 | 0 | 0 | 10 | 59 | 59.00 | 0 | 0 |
Other - Other Academic and General Knowledge | 0 | 1 | 0 | 0 | 10 | 125 | 125.00 | 0 | 0 |
RMP - Philosophy | 0 | 1 | 0 | 0 | 10 | 132 | 132.00 | 0 | 0 |
Science - Astronomy | 0 | 1 | 0 | 0 | 10 | 87 | 87.00 | 0 | 0 |
Science - Earth | 0 | 1 | 0 | 0 | 10 | 62 | 62.00 | 0 | 1 |
Social Science - Economics | 0 | 1 | 0 | 0 | 10 | 77 | 77.00 | 0 | 0 |
Current Events - U.S. | 0 | 0 | 0 | 0 | 0 | | 0.00 | 0 | 0 |